Statistics for Ultimate Car Logos Quiz

Click here to take the quiz!

General Stats

  • This quiz has been taken 83 times
  • The average score is 28 of 30

Answer Stats

Answer% Correct
Honda
99%
Hyundai
99%
Lamborghini
99%
Toyota
99%
Volvo
99%
BMW
97%
Ford
97%
Jaguar
97%
KIA
97%
Nissan
97%
Volkswagen
97%
Audi
96%
Mercedes
96%
Mitsubishi
96%
Bugatti
94%
Ferrari
94%
Mazda
94%
Tesla
94%
Chevrolet
93%
Lexus
93%
Mini
93%
Alfa Romeo
91%
Porsche
91%
Dodge
88%
Maserati
85%
Peugeot
84%
Fiat
82%
Opel
78%
SEAT
76%
Corvette
67%

Score Distribution

Percentile by Number Answered

Percent of People with Each Score

Your Score History

You have not taken this quiz